| 000 | 00961nam0a2200289 4500 | ||
|---|---|---|---|
| 001 | RU\NLR\BIBL_A\011369495 | ||
| 005 | 20240727005901.0 | ||
| 010 |
_a9785519503976 _950 |
||
| 021 |
_aRU _b2017-19930 _91468 |
||
| 035 | _a(RuMoRGB)008829784 | ||
| 035 | _a(NLR Aleph) 011369495 | ||
| 090 |
_a11342987 _c11342987 |
||
| 100 | _a20170418d2017 m y0rusy50 ca | ||
| 101 | 0 | _arus | |
| 102 | _aRU | ||
| 105 | _aac z 000aa | ||
| 200 | 1 |
_aВ памяти сердца _eавтобиографическая повесть _fС. Н. Жидков |
|
| 210 |
_aМосква _cКнига по требованию _d2017 |
||
| 215 |
_a517, [1] с., [4] л. ил., портр. _d22 |
||
| 686 |
_aШ5(2=Р)64-644.3 _2rubbk |
||
| 686 | 2 | _aШ6(2=Р)8-443авт. | |
| 700 | 1 |
_aЖидков _bС. Н. _gСтанислав Николаевич |
|
| 942 | _cBOOK | ||
| 980 | _aNBR | ||